000 00245nas a2200109Ia 4500
008 140107s9999 xx 000 0 und d
040 _aLoreto College
041 _aEnglish
245 _aCLIO
260 _bCorpus Research Institute
942 _cBV
999 _c38935
_d89414